00917 am a2200229 a 450000500170000000800410001702000150005804100080007310000210008124500860010225000110018826000370019930000110023650001480024765300710039565300540046665300430052065300480056365300330061170000220064470000210066620240627103122.0100928s1996||||ag d f |||| 001 0 spa d a9501361845 aspa1 aBertoni, Alicia. aEvaluación nuevos significados para una práctica compleja / cAlicia Bertoni a1a ed. aBuenos Aires: bKapelusz;c1996. a107 p. aBertoni, A., Poggi, M. y Teobaldo, M. (1996). Evaluación nuevos significados para una práctica compleja. (1a ed.). Buenos Aires : Kapelusz. aSignificados de la evaluación educativa: alternativas teóricas aReflexiones, dilemas y posiciones metodológicas aEvaluación de los saberes aprendidos aEvaluación de las pruebas de evaluación aFunción de la devolución1 aPoggi, Margarita.1 aTeobaldo, Marta.